LEADER 00996nam0-22003131i-450- 001 990004760670403321 005 20100427141458.0 035 $a000476067 035 $aFED01000476067 035 $a(Aleph)000476067FED01 035 $a000476067 100 $a19990604g19619999km-y0itay50------ba 101 0 $alat 105 $ay-------001yy 200 1 $aTexte zur Mariologie und Marienverhung der mittelalterlichen Kirche$funter Mitarbeit von Adolf Kolping$gausgewählt durch Walter Delius 210 $aBerlin$cDe Gruyter & Co.$d1961 215 $a62 p.$d20 cm 225 1 $aKleine Texte für Vorlesungen und Übungen$v184 610 0 $aMariologia 676 $a232.91 702 1$aDelius,$bWalter 702 1$aKolping,$bAdolf 801 0$aIT$bUNINA$gRICA$2UNIMARC 901 $aBK 912 $a990004760670403321 952 $a232.91 DEL 2$bBibl. 34900$fFLFBC 959 $aFLFBC 996 $aTexte zur Mariologie und Marienverhung der mittelalterlichen Kirche$9560340 997 $aUNINA LEADER 01891nam0 2200385 i 450 001 CFI0308777 005 20251003044139.0 010 $a8814055769 020 $aIT$b96-1540 100 $a20130827d1996 ||||0itac50 ba 101 | $aita 102 $ait 181 1$6z01$ai $bxxxe 182 1$6z01$an 200 1 $aˆIl ‰segreto bancario$enorme civili, penali e fiscali$egli obblighi dellebanche, limiti al dovere della riservatezza, gli illeciti tributari, antiriciclaggio, normativa vigente, orientamenti giurisprudenziali, formulario /Enrico Gianfelici 210 $aMilano$cGiuffrè$d[1996! 215 $aXXIII, 337 p.$d24 cm 225 | $aCosa & come$i. Banca e borsa 300 $aSegue: Appendice. 410 0$1001CFI0308782$12001 $aCosa & come$i. Banca e borsa 606 $aSegreto bancario$xLegislazione$2FIR$3CFIC008224$9I 676 $a346$9Diritto privato$v12 676 $a346.08$9$v21 676 $a346.45082$9BANCHE E ATTIVITA BANCARIE. ITALIA$v20 676 $a346.45082$9DIRITTO IN MATERIA DI ATTIVITA BANCARIE E ASSICURAZIONI. ITALIA$v21 700 1$aGianfelici$b, Enrico$3CFIV036562$4070$0114355 801 3$aIT$bIT-000000$c20130827 850 $aIT-BN0095 $aIT-NA0079 901 $bNAP BN$cS.MOD $nLa consegna dei documenti è effettuata dall'Ufficio Distribuzione 901 $bNAP 01$cPOZZO LIB.$nVi sono collocati fondi di economia, periodici di ingegneria e scienze, periodici di economia e statistica e altri fondi comprendenti documenti di economia pervenuti in dono. 912 $aCFI0308777 950 0$aBiblioteca Centralizzata di Ateneo$b1 v.$c1 v.$d 01POZZO LIB.ECON MON 9203$e 0101 0000095385E VMA 1 v. (precedente collocazione: GUERRAZZI B 817)$fB $h20080115$i20080115 977 $a 01$a BN 996 $aSegreto bancario$963373 997 $aUNISANNIO